10 Random History Facts - Statistics

General Stats
  • This quiz has been taken 30 times
  • The average score is 6 of 10
Answer Stats
Question Answer % Correct
What childhood game used to be an Olympic sport from 1900 to 1920? Tug-of-War
89%
Where were cars invented in 1886? Germany
86%
It was a custom for Egyptian Pharaohs to marry their own siblings. True
79%
The longest war in the world lasted 335 years between the Netherlands and the Isle of Scilly, how many confirmed deaths were reported? 0
75%
Who discovered America? The Vikings
71%
In 1945, what country sent a balloon bomb that struck down in Oregon? Japan
68%
What Historical Figure was once attacked by rabbits? Napoleon Bonaparte
50%
What British soldier spared a young Adolf Hitler's life during WW1? Henry Tandey
43%
How long did the Shortest war in history last? 38 Minutes
39%
What normal food or item was used to make dynamite during the 1900s? Peanuts
21%
No matching quizzes found
Score Distribution
Percent of People with Each Score
Percentile by Number Answered
Your Score History
You have not taken this quiz